000 01395nam2a22002531 4500
001 RU\NLR\INFOCOMM4\1000540925
005 20250617050642.0
035 _a(NLR Aleph) 002470790
090 _a2336241
_c2336241
100 _a20040401d1937 |||y0rusy50 ca
101 0 _arus
102 _aRU
105 _ay |||||||||
200 0 _a1937, Вып.1
210 _d1937
_aБ. м.
421 1 _12001#$aНасекомые, вредящие культурным растениям$fТитов К. Е.
_1700#1$aТитов$bК. Е.
_1210##$a[Воронеж]$d1927
_tНасекомые, вредящие культурным растениям
_aТитов, К. Е.
461 0 _1001RU\NLR\INFOCOMM4\1000540900
_12001#$aТруды Каменно-степной селекционной опытной станции$fНКЗСССР. Глав. упр. зерновых культур$v1937, Вып.1
_92336037
_aКаменно-степная селекционная станция (Ст. Таловая Юго-Восточной ж. д.)
_cВоронеж
_d1914-1940
_fНКЗСССР. Глав. упр. зерновых культур
_tТруды Каменно-степной селекционной опытной станции
_v1937, Вып.1
801 1 _aRU
_bInfoComm
_c20040401
801 0 _aRU
_bNLR
_gPSBO
852 _aNLR
_j37-17/448
942 _cISSUE
980 _aNB
980 _aRUSPER